| Tag |
First Indicator |
Second Indicator |
Subfields |
| LEADER |
00000cam a2200000 4500 |
| 001 |
in00000066438 |
| 005 |
20151007083533.0 |
| 008 |
790207s1913 ilu 00010 eng |
| 010 |
|
|
|a 13007561
|
| 035 |
|
|
|a (OCoLC)04627986
|
| 035 |
|
|
|9 AAF9511AM
|
| 037 |
|
|
|c $1.00
|
| 040 |
|
|
|a DLC
|c ISU
|d TXA
|d UtOrBLW
|
| 049 |
|
|
|a TXAM
|c [55601]
|
| 050 |
0 |
0 |
|a HM66
|b .L5
|
| 092 |
|
|
|a 301
|b L673i
|
| 100 |
1 |
|
|a Lewis, Arthur Morrow.
|
| 245 |
1 |
3 |
|a An introduction to sociology /
|c by Arthur M. Lewis.
|
| 264 |
|
1 |
|a Chicago :
|b C.H. Kerr & Company,
|c 1913.
|
| 300 |
|
|
|a 3 preliminary leaves, 9-224 pages ;
|c 20 cm.
|
| 336 |
|
|
|a text
|b txt
|2 rdacontent
|
| 337 |
|
|
|a unmediated
|b n
|2 rdamedia
|
| 338 |
|
|
|a volume
|b nc
|2 rdacarrier
|
| 650 |
|
0 |
|a Sociology.
|
| 650 |
|
0 |
|a Socialism.
|
| 999 |
|
|
|a MARS
|
| 999 |
f |
f |
|s 2d50d17d-1d56-3f7f-ae6f-bac937fe01e3
|i d8b00df1-76a0-3c0c-a485-13bf14f02dbe
|t 0
|
| 952 |
f |
f |
|p ric
|a Texas A&M University
|b Rellis Campus
|c Joint Library Facility
|d Remote Storage
|t 0
|e HM66 .L5
|h Library of Congress classification
|i unmediated -- volume
|m A14800633004
|
| 998 |
f |
f |
|a HM66 .L5
|t 0
|l Remote Storage
|